000 01654nam a2200409 c 4500
001 6202
003 ES-MaCES
005 20150925134755.0
008 971204s1997 fr ||| | fre d
020 _a9264253912
035 _aCES19980062558m
040 _aES-MaCES
_bspa
_cES-MaCES
245 0 0 _aGestion de l'enseignement supérieur
_pVol. 9, nº 1
_b: revue du Programe sur la gestion des établissements d'enseignement supériur
260 _aParis
_bOrganisation de coopération et de développement économiques
_ccop. 1997
300 _a199 p.
_c23 cm
500 _aIncluye (p. 185-198): Indice-repertorio de los arts. pub. en la rev. en los cinco años de su existencia, del v. 4 (1992) al v. 8 (1996)
500 _aEl "Programme sur la gestion des établissement d'enseignement superieur" es mas conocido como "Programme IMHE"
500 _aPubl. simultáneamente en inglés bajo el tít.: Higher education management
500 _aÍndice
504 _aBibliografía
541 _cGratuito
650 4 _aenseñanza superior
_927379
650 4 _aestudios en el extranjero
_927409
650 4 _aevaluación
_928893
650 4 _aadministración educativa
_927207
650 4 _aplanificación de la educación
_927399
650 4 _apresupuesto de la educación
_927398
650 4 _apaís de la OCDE
_929055
650 4 _aestudio de casos
_928846
653 1 0 _aEducación
650 4 _927434
_auniversidad
710 2 _aOrganización de Cooperación y Desarrollo Económico
_eed.
_94694
730 0 _aPrograma IMHE
_933238
902 _aLIB Libro
942 _2CES
_cBK
_h4.0.
999 _c6202
_d6202